| 000 | 00365pab a2200157 454500 | ||
|---|---|---|---|
| 008 | 180718b2007 xxu||||| |||| 00| 0 eng d | ||
| 100 | _aKumar, Vimal | ||
| 245 | _aSome facets of university education in Bihar | ||
| 260 | _c2007 | ||
| 300 | _ap.83-88. | ||
| 362 | _aApr-Jun | ||
| 650 | _aHigher education | ||
| 773 | _aDialogue | ||
| 908 | _aN | ||
| 909 | _a74460 | ||
| 999 |
_c74460 _d74460 |
||